| 000 | 00679nam a2200253Ia 4500 | ||
|---|---|---|---|
| 003 | 20180301135958.0 | ||
| 005 | 20180301140029.0 | ||
| 008 | 170918s9999 xx 000 0 und d | ||
| 020 | _a9780545560160 | ||
| 050 | _bS857 2007 | ||
| 100 | _aStilton, Geronimo | ||
| 245 | 4 | _aThe super scam / | |
| 245 | _cby Geronimo Stilton. | ||
| 260 | _aNew York : | ||
| 260 | _bScholastic, | ||
| 260 | _c2007 | ||
| 300 | _a77 pages : | ||
| 300 | _bcolor illustrations ; | ||
| 300 | _c14cm. | ||
| 300 | _eGeronimo Stilton Mini Mystery ; | ||
| 440 | _a1 | ||
| 500 | _a600 | ||
| 942 |
_2ddc _cBK _hGS FIC S857 2007 bk 1 _iGS FIC S857 2007 bk 1 |
||
| 999 |
_c343723 _d343723 |
||